[Event "Bethune op 22nd"]
[Site "Bethune"]
[Date "2001.12.30"]
[Round "7"]
[White "Levers, Thierry"]
[Black "Gregoire, Thierry"]
[Result "1/2-1/2"]
[WhiteElo "2086"]
[BlackElo "1910"]
[PlyCount "96"]
[EventDate "2001.12.26"]
[EventType "swiss"]
[EventRounds "7"]
[EventCountry "FRA"]
[SourceTitle "CBM 085 Extra"]
[Source "ChessBase"]
[SourceDate "2002.01.21"]
[SourceVersion "1"]
[SourceVersionDate "2002.01.21"]
[SourceQuality "1"]

1. d4 Nf6 2. Nf3 g6 3. Nc3 d5 4. Bf4 Bg7 5. h3 c6 6. e3 Nbd7 7. Bd3 0-0 8. 0-0 Re8 9. Bh2 Nb6 10. Ne5 Be6 11. Qe2 Qc8 12. Nd1 Bf5 13. f3 Bxd3 14. Nxd3 Nfd7 15. N1f2 e5 16. dxe5 Nxe5 17. Nxe5 Bxe5 18. Bxe5 Rxe5 19. Nd3 Re7 20. e4 Qe6 21. Rae1 Rae8 22. e5 f6 23. f4 fxe5 24. fxe5 Nd7 25. Rf3 c5 26. Re3 Kg7 27. Nf4 Qf5 28. e6 Nf6 29. Qf3 Ne4 30. Nxd5 Qxd5 31. Qxe4 Qxe4 32. Rxe4 Kf6 33. Rf1+ Kg7 34. Rfe1 Kf6 35. Rf1+ Kg7 36. Rfe1 Kf6 37. Rf4+ Kg7 38. Re5 b6 39. a4 Rxe6 40. Rxe6 Rxe6 41. Kf2 h6 42. Rc4 Kf6 43. Kf3 Re1 44. a5 Ke5 45. axb6 axb6 46. Rg4 Kf5 47. Rf4+ Ke5 48. Rg4 Kf5 1/2-1/2